Pohyb obyvateľstva v Slovenskej republike v roku 1992 Definitívne výsledky

Gespeichert in:
Bibliographische Detailangaben
Format: Buch
Sprache:Slowakisch
Veröffentlicht: Bratislava Štatistický úrad SR 1994
Schriftenreihe:Štatistické čísla a grafy
Schlagworte:
Tags: Tag hinzufügen
Keine Tags, Fügen Sie das erste Tag hinzu!

MARC

LEADER 00000nam a2200000 4500
001 c006025
005 20250828105507.7
041 0 |a slo 
044 |a SK 
245 1 0 |a Pohyb obyvateľstva v Slovenskej republike v roku 1992  |b Definitívne výsledky 
264 1 |a Bratislava  |b Štatistický úrad SR  |c 1994 
300 |a 30 s. 
490 1 |a Štatistické čísla a grafy 
830 0 |a Štatistické čísla a grafy 
610 2 0 |a Slovensko 
610 2 0 |a štatistika demografická 
610 2 0 |a pohyb obyvateľstva